| 000 | 00624nam a2200205 a 4500 | ||
|---|---|---|---|
| 005 | 20210223131014.0 | ||
| 008 | 090603s2006 cl r 000 0 spa d | ||
| 020 | _a958049309X (10 dígitos) | ||
| 020 | _a9789580493099 (13 dígitos) | ||
| 035 | _aUPN01000170903 | ||
| 049 | _aCG | ||
| 050 | 4 |
_aPR6039 O3.2 _bR4.5 |
|
| 100 | 1 |
_aRepún, Graciela Beatriz, _d1951- _932429 |
|
| 245 | 1 | 3 |
_aEl mago y el escritor : _bbiografía de J. R. R. Tolkien / _cGraciela Repún. |
| 260 |
_aBogotá : _bNorma, _c2006. |
||
| 300 | _a164 p. | ||
| 440 | 0 | _aSol y luna | |
| 600 | 1 | 4 |
_aTOLKIEN, JOHN RONALD REUEL, _d1892-1973 |
| 905 | _aLibro | ||
| 999 |
_c143008 _d143008 |
||